| 000 | 00639nam a22002057a 4500 | ||
|---|---|---|---|
| 999 |
_c15896 _d15896 |
||
| 003 | AR-CdUCM | ||
| 008 | 190325b ||||| |||| 00| 0 spa d | ||
| 040 |
_aMUNICIPALIDAD PROVINCIAL DEL CUSCO _cBIBLIOTECA MUNICIPAL DEL CUSCO |
||
| 082 |
_a869.56 / _bC77 |
||
| 100 |
_aCorcuera, Arturo _94604 |
||
| 245 | _aLas sirenas y las estaciones / | ||
| 260 |
_cLima : _b"Bartolome Herrera", _a1967. |
||
| 300 |
_a41 páginas ; _c20 cm. _bIlustraciones, |
||
| 500 | _aDonación familia Nieto. | ||
| 505 | _aContenido : Poemas. | ||
| 650 |
_aPoesías peruanas _91481 |
||
| 650 |
_aSiglo XX _98 |
||
| 942 |
_2ddc _cLIBROS |
||
| 945 |
_arah _d30/04/2019 |
||